000 01080nam0a2200313 4500
001 RU\NLR\BIBL_A\022428956
005 20260406085408.0
010 _a978-5-353-10896-2
_94000
035 _a(NLR Aleph) 022428956
090 _a13343062
_c13343062
100 _a20250116d2024 |||y0rusy50 ca
101 1 _arus
_ckor
102 _aRU
105 _aa z 000ay
181 0 _ai
_bxxxe
182 0 _an
200 1 _aЯ найду тебя первым
_e[роман]
_fЧон Гон У
_g[перевод с корейского chaerimi]
203 _aТекст
_bвизуальный
_cнепосредственный
210 _aМосква
_cРОСМЭН, Кислород
_d2024
215 _a221, [2] с.
_cил.
_d22
333 _a18+
686 1 _aШ6(5КоЮ)67-446{Лх2200-45}
700 0 _7ca
_8rus
_aЧон Гон У
_f1979-
_3RU\NLR\AUTH\770280016
_92651983
702 0 _achaerimi
_cпсевдоним
_3RU\NLR\AUTH\770275610
_4730
942 _cBOOK
980 _aNB